• 首页
  • 本馆介绍
  • 公告通知
  • 最新文献
  • 馆藏检索
  • 电子资源
  • 读者导购
  • 参考咨询
  • 我的图书馆
  • 登录
  • 详细信息显示
  • 放入我的书架
  • 预约/预借图书
  • 作者相关作品
  • 分类相关作品
  • 丛书相关作品
  • 出版社相关作品

书目信息

  • 表格格式
  • 工作单格式
  • 卡片格式
题名:
冠状动脉粥样硬化性心脏病
    
 
作者: ;上海市第二医学院附属第三人民医院 编
分册:  
出版信息: 上海   上海科学技术出版社  1978
页数: 500页
开本: 19cm
丛书名:
单 册:
中图分类: R541.4
科图分类:
主题词: 冠心病
电子资源:
ISBN:
000 00706nam0 2200217 45
001 0178000953
005 20060815083739.25
010    @dCNY1.65
091    @a14119.1332
100    @a19950811d1978 em y0chiy0121 ea
101 0  @achi
102    @aCN@b310000
105    @ay z 000yy
200 10 @a冠状动脉粥样硬化性心脏病@Aguan zhuang dong mai zhou yang ying hua xing xin zang bing@f上海市第二医学院附属第三人民医院编
210    @a上海@c上海科学技术出版社@d1978
215    @a500页@d19cm
606    @a冠心病
690    @aR541.4@v3
711 02 @a上海市第二医学院附属第三人民医院@Ashang hai shi di er yi xue yuan fu shu di san ren min yi yuan@4编
801  0 @aCN@bTSSF@c20060815
905    @a10447@dR541.4@e69
    
    冠状动脉粥样硬化性心脏病/上海市第二医学院附属第三人民医院编.-上海:上海科学技术出版社,1978
    500页;19cm
    
    
    ISBN :CNY1.65
    
●
相关链接 在E读中查询图书 在五车中查询图书 在当当中查询图书 在豆瓣中查询图书


正题名:冠状动脉粥样硬化性心脏病     索取号:R541.4/69         预约/预借

序号 登录号 条形码 馆藏地/架位号 状态 备注
1 0458341   204583414   密集书库/ [索取号:R541.4/69] 在馆    
唐山师范学院图书馆 欢迎您!
大连网信软件有限公司© 版权所有